000 01253naa a22003617a 4500
001 BR8104290
003 BR-BrBNA
005 20240918174749.0
007 ta
008 230509b bl.||||| |||| 00| 0 por d
040 _aBR-BrBNA
_bpor
_cBiblioteca Nacional de Agricultura
041 _a(Pt)
072 _aF30
_b0150
_bG514
090 _aF30 BR8104290
100 1 _aAmorim Neto, S.
100 1 _aOliveira, A.B. de
100 1 _aFernandes, G.M.B.
100 1 _aSouza Filho, B.F. de
100 1 _aPereira, R.P.
111 1 _a11. Reuniao da Cultura do Arroz Irrigado
_cPelotas, RS (Brazil)
_d15 Sep 1981
245 1 _aMelhoramento genetico de arroz irrigado, en Campos, 1978/81 [Oryza sativa; Rio Grande do Sul; Brasil]
260 3 _aPelotas, RS (Brasil):
_c1981.
500 _aAnais da 11. Reuniao da Cultura do Arroz Irrigado Pelotas, RS (Brasil): 1981. p. 29-34 (BR8104290-AM)F30
650 _aARROZ IRRIGADO
650 _aMELHORAMENTO VEGETAL
650 _aVARIEDADE
650 _aHIBRIDACAO
650 _aCAMPOS
650 _aRIO DE JANEIRO
773 0 _tAnais da 11. Reuniao da Cultura do Arroz Irrigado
_wF30 BR8104290
_gPelotas, RS (Brasil), 1981. p. 29-34
909 _a202404
_bLucia
_c55
_dLucia Elande
942 _cAM
_2AGRIS
999 _c313412
_d313412